Weapons Handbook/ (Record no. 213403)

MARC details
000 -LEADER
fixed length control field 00676nam a22002297a 4500
003 - CONTROL NUMBER IDENTIFIER
control field dpl
005 - DATE AND TIME OF LATEST TRANSACTION
control field 20250908155713.0
008 - FIXED-LENGTH DATA ELEMENTS--GENERAL INFORMATION
fixed length control field 240724b |||||||| |||| 00| 0 eng d
010 ## - LIBRARY OF CONGRESS CONTROL NUMBER
LC control number ENG-146840
035 ## - SYSTEM CONTROL NUMBER
System control number EN-130372
037 ## - SOURCE OF ACQUISITION
Source of stock number/acquisition DBAD
040 ## - CATALOGING SOURCE
Original cataloging agency DPL
Transcribing agency 0
082 ## - DEWEY DECIMAL CLASSIFICATION NUMBER
Classification number 577.274
245 ## - TITLE STATEMENT
Title Weapons Handbook/
Statement of responsibility, etc Edited by Akun Sabharwal ; Amarvir Yadav and R.K. Basker
250 ## - EDITION STATEMENT
Edition statement 1
260 ## - PUBLICATION, DISTRIBUTION, ETC. (IMPRINT)
Place of publication, distribution, etc Telangana
Name of publisher, distributor, etc Sardar Vallabhbhai Patel National Police Academy
Date of publication, distribution, etc 2019
270 ## - ADDRESS
City Hyderabad
Postal code 500052
300 ## - PHYSICAL DESCRIPTION
Extent 174p.
Dimensions 30cm(pbk)
Other physical details index
700 ## - ADDED ENTRY--PERSONAL NAME
Personal name Yadav, Amarvir
9 (RLIN) 84954
700 ## - ADDED ENTRY--PERSONAL NAME
Personal name Basker, R.K.
9 (RLIN) 84955
942 ## - ADDED ENTRY ELEMENTS (KOHA)
Source of classification or shelving scheme Dewey Decimal Classification
Koha item type English Books
Classification part 577.274
Call number suffix WEA
Holdings
Withdrawn status Lost status Source of classification or shelving scheme Damaged status Not for loan Collection code Home library Current library Date acquired Source of acquisition Total Checkouts Full call number Barcode Date last seen Copy number Price effective from Koha item type
    Dewey Decimal Classification     Non-fiction Janak Puri Janak Puri 08/09/2025 DBAD   577.274 WEA EN-130372 08/09/2025 1 08/09/2025 English Books

© Delhi Public Library
Hit Counter
free hit counter